000 00363nam a2200121Ia 4500
005 20251222144830.0
008 251222s9999||||xx |||||||||||||| ||spa||
020 _a91-630-5023-4
082 _a362.76/I52/2i
245 0 _aReport of the World Congress Against Commercial Sexual Exploitation of Children,
264 _bRegeringskansliets Offsetcentral
942 _cLIB
999 _c20820
_d20820